Cantares y decires : (Registro nro. 12408)

Detalles MARC
000 -LIDER
fixed length control field 00908nam a22002897a 4500
003 - IDENTIFICACDOR DE NÚMERO DE CONTROL
control field DO-SdBNP
005 - DATE AND TIME OF LATEST TRANSACTION
control field 20230518101454.0
008 - ELEMENTOS DE LONGITUD FIJA
fixed length control field 161213b 2000 sp ||| 00| 0 spa d
020 ## - ISBN
International Standard Book Number 9788434862937
040 ## - FUENTE DE CATALOGACIÓN
Agencia que crea de manera original el registro BPMSU
Idioma de catalogación spa
Agencia que realiza la transcripción BPMSU
082 #4 - NÚMERO DE CLASIFICACIÓN DECIMAL DE DEWEY
Classification number 398.8
Item number C229d 2000
Edition number 22
100 1# - ASIENTO PRINCIPAL -- NOMBRE PERSONAL
Nombre personal Reviejo, Carlos
245 10 - MENCIÓN DE TITULO
Título Cantares y decires :
Subtítulo antología de folclore infantil /
Mención de responsabilidad selección e introducción Carlos Reviejo, Eduardo Soler
250 ## - MENCIÓN DE EDICION
Mención de edición 3a ed.
260 ## - PUBLICACIÓN, DISTRIBUCIÓN, ETC. (PIE DE IMPRENTA)
Lugar de publicación, distribución, etc Madrid, España :
Nombre del editor, distribuidor, etc. Ediciones S. M.,
Fecha de publicación, distribución, etc 2000.
300 ## - DESCRIPCIÓN FÍSICA
Extensión 236 p. :
Otros detalles físicos il.;
Dimensiones 28 cm.
490 0# - MENCIÓN DE SERIES
Mención de serie Para padres y maestros
590 ## - NOTA LOCAL
Enlace Inventariado, 2023/VM
650 #4 - ENCABEZAMIENTO DE MATERIA--TEMÁTICO
Término temático o nombre geográfico como elemento de entrada Canciones infantiles.
Subdivisión de forma Colecciones
650 #4 - ENCABEZAMIENTO DE MATERIA--TEMÁTICO
Término temático o nombre geográfico como elemento de entrada Folclor infantil
650 #4 - ENCABEZAMIENTO DE MATERIA--TEMÁTICO
Término temático o nombre geográfico como elemento de entrada Juegos infantiles
690 ## - LOCAL SUBJECT ADDED ENTRY--TOPICAL TERM (OCLC, RLIN)
Topical term or geographic name as entry element
700 1# - ASIENTO SECUNDARIO -- NOMBRE PERSONAL
Nombre personal Soler, Eduardo
Fechas asociadas con el nombre 1942-,
700 1# - ASIENTO SECUNDARIO -- NOMBRE PERSONAL
Nombre personal Reviejo, Carlos
910 ## - VALIDACIÓN
Validación BTAVÁREZ/ VMateo V. Control de calidad (BPMSU)
942 ## - ADDED ENTRY ELEMENTS (KOHA)
Source of classification or shelving scheme Dewey Decimal Classification
Koha item type Libros
Existencias
Withdrawn status Lost status Source of classification or shelving scheme Damaged status Not for loan Collection code Home library Current library Date acquired Full call number Barcode Date last seen Price effective from Koha item type
    Dewey Decimal Classification     Colección Infantil General Biblioteca Pública Metropolitana Salomé Ureña Biblioteca Pública Metropolitana Salomé Ureña 12/13/2016 BPMSU CGI 398.8 C229d 2000 BPMSU16120288 12/13/2016 12/13/2016 Libros